000 01912nam0a2200373 4500
001 RU\NLR\bibl\46569
005 20260407044309.0
010 _a5-86007-154-X
_91000
021 _aRU
_b99-8448
_9406
035 _a(NLR Aleph) 000045420
090 _a240347
_c240347
100 _a19990909d1999 |||y0rusy50 ca
101 0 _arus
_dger
_eger
102 _aRU
105 _aa |||||||||
200 1 _aНемцы в России
_dDie deutschen in Russland
_eПетерб. немцы
_e[Сб. ст.
_fСеминар "Немцы в России. Рус.-нем. науч. и культ. связи"
_gРедкол.:...Г.И. Смагина, к.и.н.(отв. ред.)]
_zger
210 _aСПб.
_cДмитрий Буланин
_d1999
215 _a620 с.
_cил., портр., факс.
_d24
300 _aВ надзаг.: Рос. акад. наук, С.-Петерб. науч. центр, Ин-т истории естествознания и техники. С.-Петерб. фил.
300 _aРез. на нем. яз.
320 _aУказ. имен: с. 595-614
320 _aБиблиогр. в конце ст. и в подстроч. прим.
510 0 _aDie deutschen in Russland
_zrus
606 0 _aНемцы
_jСборники
_yСанкт-Петербург, город
_92111072
_3RU\NLR\auth\661275825
686 _aТ3(29=Н)я43
702 1 _aСмагина
_bГ. И.
_4340
712 0 2 _4570
_a"Немцы в России и русско-немецкие научные и культурные связи", международный семинар
_cСанкт-Петербург
_9531594
_3RU\NLR\AUTH\8810016872
801 0 _aRU
_bNLR
_c19990909
_gPSBO
801 1 _aRU
_bNLR
_c19990909
852 _aNLR
_j99-7/1508
942 _cBOOK
980 _aNB
981 4 3 _a(43) Тематическая подборка Санкт-Петербург
_b(43) Население